Endurance Teams Quiz Stats

 Plays Quiz not verified by Sporcle

Challenge
Share
Tweet
Embed
Score 0/44 Timer 10:00
0 Plays Today
% Correct
Scooter and Christa
100%
Monroe and Bryanah
100%
Dakota and Kelsey
100%
Trevor and Lana
97.6%
Christian and Ashley
97.6%
Aaron and Jonna
97.6%
Phil and Jacquelynn
97.6%
Reece and Sarah
97.6%
Demian and Nicole
97.6%
John and Julie
97.6%
Chris and Callie
97.6%
Shea and Amelia
97.6%
Jonathan and Daniela
97.6%
Franke and Erika
97.6%
Garrett and Anna
97.6%
Aric and Lilly
97.6%
Max and Jenna
95.1%
Brandon and Layla
95.1%
Skyler and Chelsea
95.1%
Jon and Sabrina
95.1%
Mike and Keetin
95.1%
Bjorn and Alex
95.1%
% Correct
Tom and Vanetta
95.1%
Ike and Darci
95.1%
Max and Kristine
95.1%
Ben and Jordyn
95.1%
Tyler and Michelle
92.7%
Max and Jenna
92.7%
Antonio and Willa
92.7%
Kareem and Rachel
92.7%
Michael and Kylie
92.7%
Isaac and Jeszie
92.7%
Cameron and Aeriel
92.7%
Caleb and Lauren
92.7%
Jonathan and Hannah
92.7%
Wayne and Maryelle
90.2%
Jeff and Annie
90.2%
Connor and Taylor
90.2%
Will and Leslie
90.2%
Shep and Calley
87.8%
Chris and Lindi
87.8%
Alex and Cealey
87.8%
Kyle and Brianna
87.8%
Connor and Jackie
87.8%

You're not logged in!

Compare scores with friends on all Sporcle quizzes.
Join for Free
OR
Log In

You Might Also Like...

Show Comments

Extras

Top Quizzes Today


Score Distribution

Your Account Isn't Verified!

In order to create a playlist on Sporcle, you need to verify the email address you used during registration. Go to your Sporcle Settings to finish the process.

Report this User

Report this user for behavior that violates our Community Guidelines.

Details: